| 000 | 00501nam a2200157 4500 | ||
|---|---|---|---|
| 999 |
_c12591 _d12591 |
||
| 008 | 240226b ||||| |||| 00| 0 eng d | ||
| 040 | _aBMS College of Architecture | ||
| 100 | _aL Jayesh Reddy | ||
| 245 | _aThe Orchard A Mixed Use Development | ||
| 300 | _a58p | ||
| 500 | _a1CF19AT051 | ||
| 502 |
_8B,Arch _NBMS College of Architecture, Visvesvaraya Technological University (VTU) _aProject report _d2023 |
||
| 700 |
_aGeeno Soa George _eGuide |
||
| 710 | _aRema Vaidyanathan | ||
| 942 |
_2ddc _cTHE |
||